| 000 | 00535nam a2200181Ia 4500 | ||
|---|---|---|---|
| 005 | 20250326143213.0 | ||
| 008 | 250326s9999 xx 000 0 und d | ||
| 037 | _aTextbook | ||
| 040 |
_aFMSL _beng _cFMSL |
||
| 041 |
_aeng _2eng |
||
| 084 |
_aXobD658(2:55) P1 _qFMSL |
||
| 100 |
_aKobielus J G _9747377 |
||
| 245 | 0 |
_aBiz Talk: implanting business to business e-commerce _cKobielus J G |
|
| 260 |
_aN _bN, J Prentice Hall _c2001 |
||
| 300 | _a440p | ||
| 942 |
_cTB _hXobD658(2:55) P1 |
||
| 999 |
_c1298582 _d1298582 |
||